00386nam a2200169Ia 4500003000500000008004100005020001400046040001900060082000700079100002800086100001600114245004200130260000900172300001500181365000800196546001200204STCL221019s9999 xx 000 0 und d a553296981 aSTCLcSTCLbEN 222 aDoubleday, B M Mooyaart aFrank, Anne 0aAnne Frank: the diary of a young girl c1993 axiv, 283 p b198 aEnglish